Angry young men : how parents, teachers, and counselors can help bad boys become good men

Main Author: Kipnis
Published: San Francisco, Calif.: Jossey-Bas, c1999.
Edition:1st ed.
Subjects:
LEADER 00987cam a2200205 7i4500
001 0000000186
005 20020311090000.0
010 # # |a 99006184 
020 0 0 |a 0787946044 (alk. paper)  
090 0 0 |a HV 91   |b K546 1999 
100 1 0 |a Kipnis  
245 1 0 |a Angry young men :   |b how parents, teachers, and counselors can help bad boys become good men   |c Aaron Kipnis.. 
250 0 0 |a 1st ed. 
260 0 0 |a San Francisco, Calif.:   |b Jossey-Bas,   |c c1999. 
300 # # |a xiii, 277;   |c 24 cm. 
504 0 0 |a Includes bibliographical references and index. 
505 0 0 |a Bad boys -- Living in a house on fire -- Slipping through the cracks at school -- Mean streets -- Juvenile injustice -- Drugs and criminalization -- Youth corrections and gangs -- The American gulag -- From bad boys to good men -- Honoring the spirit of young men. 
650 0 0 |a Juvenile delinquen --   |x Prevention. --   |z United Stat  
650 0 0 |a Male juvenile delinquen --   |z United States.  
999 |a 1000403090  |b Book  |c Open Shelf  |e KOLEKSI TERBUKA